[Event "Playing against strong people (1)"]
[Site "SchemingMind.com"]
[Date "2010.01.23"]
[Round "-"]
[White "egis"]
[Black "somar96"]
[Result "1-0"]
[WhiteCountry "LTU"]
[BlackCountry "POL"]
[WhiteElo "2042"]
[WhiteRD "73"]
[BlackElo "1863"]
[BlackRD "57"]
[GameID "236010"]

1. e4 c5 2. Bc4 Nc6 3. Nf3 g6 4. O-O Bg7 5. d3 e6 6. Bg5 Nge7 7. Nc3 O-O 8. Qe2 a6 9. a4 d6 10. Qd2 Rb8
11. Qe3 Qc7 12. Nd1 b5 13. axb5 axb5 14. Bb3 Bb7 15. Nc3 Qb6 16. Qf4 Rbd8 17. Bxe7 Nxe7 18. Qh4 Nc6 19. Ng5 h6 20. Nxe6 fxe6
21. Bxe6+ Kh7 22. Nd5 Qa5 23. Rxa5 Nxa5 24. Qe7 Bxd5 25. Bxd5 c4 26. b3 cxb3 27. cxb3 Rc8 28. Qxd6 Rf6 29. Qe7 Rcf8 30. e5 Rf5
31. d4 b4 32. Qxb4 Nxb3 33. Bxb3 h5 34. e6 h4 35. e7
1-0

[Event "Playing against strong people (1)"]
[Site "SchemingMind.com"]
[Date "2010.01.25"]
[Round "-"]
[White "klesley"]
[Black "egis"]
[Result "0-1"]
[WhiteCountry "USA"]
[BlackCountry "LTU"]
[WhiteElo "1706"]
[WhiteRD "81"]
[BlackElo "2042"]
[BlackRD "73"]
[GameID "236012"]

1. d4 Nf6 2. c4 e6 3. Nf3 d5 4. Nc3 dxc4 5. e3 Nd5 6. Bxc4 Nxc3 7. bxc3 Be7 8. O-O O-O 9. a4 Nc6 10. Bb5 Bd7
11. c4 a6 12. Bxc6 Bxc6 13. Ne5 Be4 14. f3 Bf5
0-1

[Event "Playing against strong people (1)"]
[Site "SchemingMind.com"]
[Date "2010.01.27"]
[Round "-"]
[White "BlueMooner"]
[Black "egis"]
[Result "0-1"]
[WhiteCountry "ENG"]
[BlackCountry "LTU"]
[WhiteElo "1789"]
[WhiteRD "104"]
[BlackElo "2042"]
[BlackRD "73"]
[GameID "236013"]

1. d4 Nf6 2. c4 g6 3. Nc3 Bg7 4. e4 d6 5. Nf3 O-O 6. Be2 Nbd7 7. O-O e5 8. d5 b6 9. b4 a5 10. Rb1 axb4
0-1

[Event "Playing against strong people (1)"]
[Site "SchemingMind.com"]
[Date "2010.01.23"]
[Round "-"]
[White "kiraly"]
[Black "egis"]
[Result "1-0"]
[WhiteCountry "INT"]
[BlackCountry "LTU"]
[WhiteElo "2336"]
[WhiteRD "86"]
[BlackElo "2034"]
[BlackRD "78"]
[GameID "236015"]

1. e4 c5 2. Nf3 e6 3. Nc3 Nc6 4. d4 cxd4 5. Nxd4 Qc7 6. Be2 Nf6 7. Be3 Bb4 8. Nb5 Qb8 9. O-O O-O 10. f4 d6
11. a3 Bc5 12. Bxc5 dxc5 13. e5 Nd7 14. Nd6 b6 15. Bd3 Bb7 16. Bxh7+ Kxh7 17. Qh5+ Kg8 18. Rf3 g6 19. Qh6 Qxd6 20. exd6 Nf6
21. Rh3 Nh5 22. Ne4 f5 23. Qxg6+
1-0

[Event "Playing against strong people (1)"]
[Site "SchemingMind.com"]
[Date "2010.01.23"]
[Round "-"]
[White "Kasker"]
[Black "egis"]
[Result "1-0"]
[WhiteCountry "POL"]
[BlackCountry "LTU"]
[WhiteElo "2253"]
[WhiteRD "81"]
[BlackElo "2034"]
[BlackRD "78"]
[GameID "236016"]

1. e4 d6 2. d4 Nf6 3. Nc3 g6 4. Nf3 Bg7 5. Be2 O-O 6. O-O Bg4 7. Be3 Nbd7 8. h3 Bxf3 9. Bxf3 c5 10. dxc5 dxc5
11. Bf4 Nb6 12. e5 Nfd7 13. Qe2 Qc7 14. Nb5 Qb8 15. Rfe1 a6 16. Na3 e6 17. Rad1 Qc7 18. Bg3 Rfd8 19. b3 Rac8 20. c4 Bf8
21. Qe4 Rb8 22. Nc2 Be7 23. Qf4 h5 24. Bh2 Nc8 25. Rd3 Qa5 26. Be4 Kg7 27. Red1 Qc7 28. g4 h4 29. Ne3 Kg8 30. g5 Bf8
31. Ng4 Nd6 32. exd6 Qc6 33. Bxc6 e5 34. Nxe5 Nxe5 35. Qxe5 bxc6 36. d7
1-0

[Event "Playing against strong people (1)"]
[Site "SchemingMind.com"]
[Date "2010.01.23"]
[Round "-"]
[White "fleskarn"]
[Black "egis"]
[Result "0-1"]
[WhiteCountry "SWE"]
[BlackCountry "LTU"]
[WhiteElo "1791"]
[WhiteRD "72"]
[BlackElo "2042"]
[BlackRD "73"]
[GameID "236017"]

1. c4 c5 2. Nc3 g6 3. Nf3 Bg7 4. g3 Nf6 5. Bg2 O-O 6. O-O d6 7. a3 Nc6 8. Ng5 Bf5 9. e4 Bg4 10. Bf3 Bxf3
11. Nxf3 Ng4 12. d4 cxd4 13. Nxd4 Nxd4 14. Qxg4 Qc7 15. Nd5 Qxc4 16. Nxe7+ Kh8 17. Be3 f5 18. Nxg6+ hxg6 19. Qxg6 Ne2+ 20. Kh1 Qxe4+
21. f3 Qxe3 22. Rae1 Rf6 23. Qh5+ Rh6
0-1

[Event "Playing against strong people (1)"]
[Site "SchemingMind.com"]
[Date "2010.01.23"]
[Round "-"]
[White "somar96"]
[Black "egis"]
[Result "0-1"]
[WhiteCountry "POL"]
[BlackCountry "LTU"]
[WhiteElo "1863"]
[WhiteRD "57"]
[BlackElo "2042"]
[BlackRD "73"]
[GameID "236018"]

1. e4 e6 2. d4 d5 3. Nc3 Nf6 4. Bg5 dxe4 5. Nxe4 Be7 6. Bxf6 Bxf6 7. Nxf6+ Qxf6 8. Nf3 O-O 9. Bd3 Nc6 10. O-O Bd7
11. c3 Qe7 12. Re1 Qd6 13. Qc2 h6 14. Rad1 b6 15. Be4 Be8 16. Ne5 Kh8 17. Qe2 Rb8 18. Qf3 Na5 19. b4 f6 20. bxa5 fxe5
21. dxe5 Qa3 22. Qh3 Qxa2 23. axb6 Qxf2+ 24. Kh1 Qxb6 25. Rf1 Ba4 26. Rde1 Bd7 27. Qh4 Qc5 28. Qg3 Bc6 29. Bc2 Rxf1+ 30. Rxf1 Rf8
31. Rg1 Kg8 32. Qg6 Qxe5 33. Qh7+ Kf7 34. Rf1+ Ke7 35. Rg1 Rf4 36. h3 Rh4 37. Qd3 Be4 38. Qe3 Bxg2+ 39. Rxg2 Qxe3 40. Rh2 Qe1+
41. Kg2 Rf4 42. Bd3 Rf2+ 43. Kg3 Qe3+ 44. Kg4 Qg5#
0-1

[Event "Playing against strong people (1)"]
[Site "SchemingMind.com"]
[Date "2010.01.25"]
[Round "-"]
[White "faulty"]
[Black "klesley"]
[Result "1-0"]
[WhiteCountry "USA"]
[BlackCountry "USA"]
[WhiteElo "1860"]
[WhiteRD "81"]
[BlackElo "1706"]
[BlackRD "81"]
[GameID "236147"]

1. e4 c5 2. Nf3 g6 3. d4 d6 4. dxc5 Qa5+ 5. Nc3 Qxc5 6. Be3 Qa5 7. Be2 Bg7 8. O-O Bxc3 9. bxc3 Nc6 10. Qd2 Nf6
11. Bd3 Bg4 12. Nd4 Nxd4 13. cxd4 Qxd2 14. Bxd2 O-O 15. h3 Bd7 16. Bg5 Kg7 17. Rab1 b6 18. e5 Nd5 19. Be4 Bc6 20. Bxd5 Bxd5
21. Bxe7 Rfc8 22. exd6
1-0

[Event "Playing against strong people (1)"]
[Site "SchemingMind.com"]
[Date "2010.01.28"]
[Round "-"]
[White "faulty"]
[Black "BlueMooner"]
[Result "1-0"]
[WhiteCountry "USA"]
[BlackCountry "ENG"]
[WhiteElo "1832"]
[WhiteRD "67"]
[BlackElo "1832"]
[BlackRD "92"]
[GameID "236148"]

1. e4 c5 2. Nf3 e6 3. d4 cxd4 4. Nxd4 a6 5. Nc3 b5 6. Bd3 Qb6 7. Nb3 Qc7 8. O-O Bb7 9. Be3 Nf6 10. f3 Be7
11. Qe2 O-O 12. Qf2 Nc6 13. Bc5 d6 14. Bb6 Qd7 15. Rad1 Bd8 16. Be3 Ne5 17. Kh1 Rc8 18. Bd4 Nc4 19. Bxc4 Rxc4 20. e5 Nd5
21. exd6 Qxd6 22. Bc5 Qc6 23. Bxf8 Kxf8 24. Nd4 Qd6 25. Nxd5 Bxd5 26. Qg3 Qc5 27. Qb8 Ke7 28. Nb3 Qc6 29. c3 Bc7 30. Qa7 Qd6
31. g3 Rh4 32. Qc5 Rh6 33. Qxd6+ Bxd6 34. Kg2 g5 35. h3 Rg6 36. Rfe1 Kf8 37. Rd4 h5 38. Kf2 h4 39. gxh4 gxh4 40. Rg1 Bg3+
41. Ke2 Bc4+ 42. Rxc4 bxc4 43. Nd2 Rg5 44. Nxc4 Rc5 45. Kd3 f5 46. b4 Rd5+ 47. Kc2 Ke7 48. Rd1 Rxd1 49. Kxd1 Kf6 50. a4 Kg5
51. Ke2 Kf4 52. b5 axb5 53. axb5 Bh2 54. Kf2 Bg3+ 55. Kg2 Kg5 56. b6 Kf6 57. Nd2 Ke7 58. c4 Kd6 59. Nb3 Kc6 60. c5 Kd5
61. Kf1 e5 62. Ke2 Kc6 63. Kd3 Kb5 64. Ke3 Kc6 65. Kd2 Bf4+ 66. Kd3 Kb7 67. Kc4 Bg3 68. Kb5 e4 69. fxe4 fxe4 70. c6+ Kb8
71. c7+ Bxc7 72. bxc7+ Kxc7 73. Kc4 e3 74. Kd3 Kd6 75. Kxe3 Ke5 76. Kf3 Kf5 77. Nc5 Kg5 78. Ke4 Kg6 79. Kf4 Kh5 80. Ne6 Kg6
81. Kg4 Kf6 82. Ng5 Kg6 83. Nf3 Kh6 84. Nxh4 Kh7 85. Kg5 Kh8 86. Kg6 Kg8 87. Nf3 Kh8 88. h4 Kg8 89. Ng5 Kh8 90. h5 Kg8
91. h6 Kh8 92. Nf7+
1-0

[Event "Playing against strong people (1)"]
[Site "SchemingMind.com"]
[Date "2010.01.28"]
[Round "-"]
[White "faulty"]
[Black "Schaakmaatje"]
[Result "1-0"]
[WhiteCountry "USA"]
[BlackCountry "NED"]
[WhiteElo "1860"]
[WhiteRD "81"]
[BlackElo "1715"]
[BlackRD "50"]
[GameID "236150"]

1. e4 e5 2. Nf3 Nc6 3. Bb5 a6 4. Ba4 Nf6 5. O-O b5 6. Bb3 Be7 7. Re1 O-O 8. c3 h6 9. d4 d6 10. h3 Re8
11. Nbd2 Bf8 12. Bc2 b4 13. d5 bxc3 14. bxc3 Ne7 15. Nf1 Ng6 16. Ng3 Nh7 17. Be3 Nh4 18. Kh2 Nxf3+ 19. Qxf3 Ng5 20. Bxg5 Qxg5
21. Rab1 a5 22. Ba4 Rd8 23. Bc6 Ra7 24. Qe3 Qe7 25. Qxa7
1-0

[Event "Playing against strong people (1)"]
[Site "SchemingMind.com"]
[Date "2010.01.23"]
[Round "-"]
[White "faulty"]
[Black "kiraly"]
[Result "0-1"]
[WhiteCountry "USA"]
[BlackCountry "INT"]
[WhiteElo "1770"]
[WhiteRD "86"]
[BlackElo "2336"]
[BlackRD "86"]
[GameID "236151"]

1. e4 e5 2. Nf3 Nc6 3. Bc4 Nf6 4. d3 Bc5 5. O-O O-O 6. Nc3 h6 7. Be3 Bxe3 8. fxe3 d6 9. a3 Ne7 10. Qe2 c6
11. Kh1 b5 12. Ba2 Bd7 13. d4 Ng6 14. Rad1 Qc7 15. b4 a5 16. Bb3 Rfd8 17. Qf2 axb4 18. axb4 Re8 19. Qg3 Be6 20. d5 cxd5
21. Nxd5 Bxd5 22. exd5 Qc3 23. Qe1 Ne4 24. Qxc3 Nxc3 25. Ra1 Ne7 26. Ra5 Rxa5 27. bxa5 Ra8 28. Nxe5 dxe5 29. d6 Ned5
0-1

[Event "Playing against strong people (1)"]
[Site "SchemingMind.com"]
[Date "2010.01.23"]
[Round "-"]
[White "faulty"]
[Black "Kasker"]
[Result "0-1"]
[WhiteCountry "USA"]
[BlackCountry "POL"]
[WhiteElo "1860"]
[WhiteRD "81"]
[BlackElo "2276"]
[BlackRD "83"]
[GameID "236152"]

1. e4 c5 2. Nf3 a6 3. d4 cxd4 4. Nxd4 Nf6 5. Nc3 e5 6. Nb3 Bb4 7. Bd3 d5 8. exd5 e4 9. Be2 Nxd5 10. Bd2 Nxc3
11. bxc3 Ba3 12. O-O O-O 13. f3 exf3 14. Bxf3 Nc6 15. Bxc6 bxc6 16. Qf3 Qd5 17. Qxd5 cxd5 18. Nd4 Bc5 19. Kh1 Re8 20. Rae1 Bd7
21. Rxe8+ Rxe8 22. Re1 Rb8 23. Nb3 Bd6 24. Be3 Re8 25. g3 f6 26. Kg2 Kf7 27. Kf2 Rc8 28. Bd4 Bf5 29. Re2 Rc4 30. Ke3 Ra4
31. Nc1 Kg6 32. Kd2 Bd7 33. Rf2 h5 34. Rf3 Bg4 35. Rf2 Bf5 36. Re2 Be4 37. Ke3 Kg5 38. Rf2 Ra3 39. Kd2 a5 40. Be3+ Kg4
41. Bf4 Bc5 42. Re2 Kh3 43. Bc7 Bg1 44. c4 Bxh2 45. cxd5 Bxd5 46. Bd6 Rf3 47. Nd3 Bxg3 48. Bc5 h4
0-1

[Event "Playing against strong people (1)"]
[Site "SchemingMind.com"]
[Date "2010.01.23"]
[Round "-"]
[White "faulty"]
[Black "fleskarn"]
[Result "1-0"]
[WhiteCountry "USA"]
[BlackCountry "SWE"]
[WhiteElo "1871"]
[WhiteRD "81"]
[BlackElo "1787"]
[BlackRD "74"]
[GameID "236153"]

1. e4 c5 2. Nf3 d6 3. d4 cxd4 4. Nxd4 Nf6 5. Nc3 e6 6. Bg5 Be7 7. f4 h6 8. Bxf6 Bxf6 9. Ndb5 Bxc3+ 10. bxc3 O-O
11. Qxd6 Qa5 12. Qb4 Qd8 13. Rd1 Qf6 14. e5 Qh4+ 15. g3 Qg4 16. Be2 Qh3 17. Nc7 Qg2 18. Rf1 Nc6 19. Qc5 b6 20. Qf2 Qxf2+
21. Rxf2 Rb8 22. Bb5 Bb7 23. Rd6 Ne7 24. c4 a6 25. Nxa6 Nf5 26. Nxb8 Nxd6 27. Nd7 Nxb5 28. Nxf8 Na3 29. Nd7 Nxc4 30. f5 Bd5
31. Rf4 g5 32. fxg6 fxg6 33. Nf6+ Kg7 34. Nxd5 exd5 35. e6 g5 36. e7 Nd6 37. Rf8
1-0

[Event "Playing against strong people (1)"]
[Site "SchemingMind.com"]
[Date "2010.01.23"]
[Round "-"]
[White "faulty"]
[Black "somar96"]
[Result "1-0"]
[WhiteCountry "USA"]
[BlackCountry "POL"]
[WhiteElo "1860"]
[WhiteRD "81"]
[BlackElo "1863"]
[BlackRD "57"]
[GameID "236154"]

1. e4 c5 2. Nf3 e6 3. d4 cxd4 4. Nxd4 a6 5. Be2 Nf6 6. Nc3 Bb4 7. f3 O-O 8. Bd2 Nc6 9. Nxc6 dxc6 10. O-O e5
11. a3 Bc5+ 12. Kh1 Be6 13. Na4 Ba7 14. Bb4 Re8 15. Nc5 Bc8 16. Nb3 Be6 17. Nc5 Bc8 18. Nd3 a5 19. Bc3 Bd4 20. Nxe5 Bxc3
21. Qxd8 Rxd8 22. bxc3 Be6 23. Rfd1 Kf8 24. Kg1 Ke7 25. Kf2 Rxd1 26. Rxd1 Rd8 27. Rxd8 Kxd8 28. Bc4 Kc7 29. Bb3 Kd6 30. Nxf7+ Bxf7
31. Bxf7 g5 32. Ke3 b5 33. Ba2 Ke5 34. g3 h6 35. h3 Nh5 36. Kf2 Nf6 37. Bf7 c5 38. Ke3 Nd7 39. Be8 Nb6 40. Bxb5 Nc8
41. f4+ gxf4+ 42. gxf4+ Kf6 43. e5+ Ke7 44. Ke4 Nb6 45. c4 Nc8 46. Kd5 Nb6+ 47. Kxc5 Nc8 48. f5 h5 49. Kd5 Nb6+ 50. Kc6 Nc8
51. Kb7 Kd8 52. f6 h4 53. f7
1-0

[Event "Playing against strong people (1)"]
[Site "SchemingMind.com"]
[Date "2010.01.24"]
[Round "-"]
[White "faulty"]
[Black "Mr Pawn"]
[Result "0-1"]
[WhiteCountry "USA"]
[BlackCountry "IND"]
[WhiteElo "1860"]
[WhiteRD "81"]
[BlackElo "2123"]
[BlackRD "113"]
[GameID "236155"]

1. e4 c5 2. Nf3 d6 3. d4 cxd4 4. Nxd4 Nf6 5. Nc3 a6 6. Bg5 e6 7. f4 Be7 8. Qf3 Qc7 9. O-O-O Nbd7 10. Bd3 b5
11. Bxf6 Nxf6 12. f5 e5 13. Nb3 b4 14. Nd5 Nxd5 15. exd5 O-O 16. Qe4 Bg5+ 17. Kb1 Bf6 18. Qxb4 a5 19. Qe4 a4 20. Nd2 a3
21. Qc4 Qb6 22. b3 Bd7 23. Ne4 Be7 24. Nd2 Qa5 25. Qe4 Qc3 26. Nc4 Rfc8 27. f6 Bxf6 28. Qxh7+ Kf8
0-1

[Event "Playing against strong people (1)"]
[Site "SchemingMind.com"]
[Date "2010.01.26"]
[Round "-"]
[White "klesley"]
[Black "faulty"]
[Result "0-1"]
[WhiteCountry "USA"]
[BlackCountry "USA"]
[WhiteElo "1706"]
[WhiteRD "81"]
[BlackElo "1860"]
[BlackRD "81"]
[GameID "236156"]

1. d4 Nf6 2. c4 g6 3. Nf3 Bg7 4. g3 O-O 5. Bg2 c5 6. Nc3 Nc6 7. O-O d6 8. d5 Nb4 9. a3 Na6 10. e4 Nc7
11. Bf4 Nh5 12. Bd2 a6 13. b4 b6 14. Rc1 Bd7 15. Re1 Qc8 16. Bg5 Re8 17. Qb3 h6 18. Be3 Bg4 19. e5 Bxf3 20. Bxf3 Qf5
21. Bxh5 Qxh5 22. exd6 exd6
0-1

[Event "Playing against strong people (1)"]
[Site "SchemingMind.com"]
[Date "2010.01.28"]
[Round "-"]
[White "BlueMooner"]
[Black "faulty"]
[Result "1-0"]
[WhiteCountry "ENG"]
[BlackCountry "USA"]
[WhiteElo "1815"]
[WhiteRD "93"]
[BlackElo "1871"]
[BlackRD "81"]
[GameID "236157"]

1. e4 e5 2. Nf3 Nc6 3. Bc4 Bc5 4. d4 Bxd4 5. Nxd4 Nxd4 6. O-O Nf6 7. f4 Nc6 8. Bxf7+ Kxf7 9. fxe5 Nxe5 10. Qd5+ Kf8
11. Qxe5 d6 12. Qd4 h6 13. Nc3 Be6 14. Nd5 Bxd5 15. exd5 Kg8 16. b3 Qe7 17. Bb2 Qe4 18. Qxe4 Nxe4 19. Rae1 Re8 20. Rf4 Nf6
21. Rxe8+ Nxe8 22. h4 h5 23. Rb4 b6 24. Ra4 a5 25. Rf4 Rh6 26. Rf5 Nf6 27. Rg5 Kf7 28. c4 Rg6 29. Bxf6 Kxf6 30. Rxh5 Ke7
31. Rh7 Kf6 32. Rh8 Ke7 33. Kh2 Rh6 34. Rxh6 gxh6 35. Kg3 Kf6 36. Kf4 Kg6 37. Kg4
1-0

[Event "Playing against strong people (1)"]
[Site "SchemingMind.com"]
[Date "2010.01.23"]
[Round "-"]
[White "egis"]
[Black "faulty"]
[Result "1/2-1/2"]
[WhiteCountry "LTU"]
[BlackCountry "USA"]
[WhiteElo "2042"]
[WhiteRD "73"]
[BlackElo "1860"]
[BlackRD "81"]
[GameID "236158"]

1. e4 e5 2. Nf3 Nc6 3. Bb5 a6 4. Ba4 Nf6 5. O-O Be7 6. Nc3 b5 7. Bb3 d6 8. d3 O-O 9. Bg5 h6 10. Be3 Bg4
11. h3 Bxf3 12. Qxf3 Na5 13. Nd5 Nxd5 14. Bxd5 c6 15. Bb3 Nxb3 16. axb3 Bg5 17. c4 Bxe3 18. Qxe3 c5 19. Qg3 Qb6 20. Qf3 a5
21. Ra3 Ra7 22. Qe3 Rfa8 23. Rfa1 a4 24. bxa4 Rxa4 25. Rxa4 bxa4 26. Qd2 Ra7 27. Qc3 Qb4 28. Qc2 Kf8=
1/2-1/2

[Event "Playing against strong people (1)"]
[Site "SchemingMind.com"]
[Date "2010.01.28"]
[Round "-"]
[White "Schaakmaatje"]
[Black "faulty"]
[Result "0-1"]
[WhiteCountry "NED"]
[BlackCountry "USA"]
[WhiteElo "1724"]
[WhiteRD "49"]
[BlackElo "1871"]
[BlackRD "81"]
[GameID "236159"]

1. d4 Nf6 2. c4 e6 3. Nc3 Bb4 4. Nf3 O-O 5. Bg5 d5 6. e3 h6 7. Bh4 Nbd7 8. a3 Bxc3+ 9. bxc3 b6 10. cxd5 exd5
11. Bd3 Qe8 12. O-O Ne4 13. Bxe4 dxe4 14. Nd2 Ba6 15. Re1 Bd3 16. Qb3 c5 17. c4 Qe6 18. Rac1 Rfc8 19. Bg3 a6 20. d5 Qg6
21. Qb2 b5 22. cxb5 axb5 23. f3 exf3 24. gxf3 Qa6 25. e4 Qxa3 26. Qxa3 Rxa3 27. e5 Bg6 28. e6 fxe6 29. dxe6 Nf6 30. Be5 Nd5
31. f4 Re3 32. Rxe3 Nxe3 33. Bd4 Nc2 34. Bf2 c4 35. Bh4 Nd4 36. Kf2 Nxe6
0-1

[Event "Playing against strong people (1)"]
[Site "SchemingMind.com"]
[Date "2010.01.23"]
[Round "-"]
[White "Kasker"]
[Black "faulty"]
[Result "1-0"]
[WhiteCountry "POL"]
[BlackCountry "USA"]
[WhiteElo "2253"]
[WhiteRD "81"]
[BlackElo "1770"]
[BlackRD "86"]
[GameID "236161"]

1. e4 e5 2. Nf3 Nc6 3. Bb5 a6 4. Ba4 Nf6 5. d4 exd4 6. O-O Be7 7. Re1 b5 8. e5 Nd5 9. c4 dxc3 10. Qxd5 bxa4
11. Nxc3 O-O 12. Bf4 Rb8 13. Qd2 a3 14. b3 d6 15. Nd5 dxe5 16. Nxe5 Nxe5 17. Nxe7+ Qxe7 18. Bxe5 Be6 19. Qc3 Qg5 20. Re3 Rb5
21. f4 Qh6 22. Rae1 g6 23. Qxc7 Rc8 24. Qe7 Rbc5 25. Bd6 Rc2 26. Rxe6
1-0

[Event "Playing against strong people (1)"]
[Site "SchemingMind.com"]
[Date "2010.01.23"]
[Round "-"]
[White "fleskarn"]
[Black "faulty"]
[Result "0-1"]
[WhiteCountry "SWE"]
[BlackCountry "USA"]
[WhiteElo "1791"]
[WhiteRD "72"]
[BlackElo "1860"]
[BlackRD "81"]
[GameID "236162"]

1. c4 c5 2. Nc3 Nc6 3. Nf3 Nf6 4. g3 g6 5. Bg2 Bg7 6. O-O O-O 7. d4 cxd4 8. Nxd4 Nxd4 9. Qxd4 d6 10. e4 Nd7
11. Qe3 Ne5 12. Qe2 Be6 13. Nd5 Rc8 14. Bg5 f6 15. f4 Nxc4 16. Rac1 Bxd5 17. exd5 fxg5 18. Rxc4 Rxc4 19. Qxc4 gxf4 20. Rxf4 Qb6+
21. Kf1 Rxf4+ 22. gxf4 Qxb2 23. Bh3 Bd4 24. Qe2 Qxe2+ 25. Kxe2 Kg7 26. Bc8 b5 27. a3 Bc5 28. Ba6 Bxa3 29. Bxb5 Kf6 30. h4 e5
31. fxe5+ Kxe5 32. Bc4 Kf4
0-1

[Event "Playing against strong people (1)"]
[Site "SchemingMind.com"]
[Date "2010.01.23"]
[Round "-"]
[White "somar96"]
[Black "faulty"]
[Result "0-1"]
[WhiteCountry "POL"]
[BlackCountry "USA"]
[WhiteElo "1896"]
[WhiteRD "57"]
[BlackElo "1770"]
[BlackRD "86"]
[GameID "236163"]

1. e4 e5 2. Nf3 Nc6 3. Bb5 a6 4. Bxc6 dxc6 5. O-O f6 6. d4 exd4 7. Nxd4 Ne7 8. Nc3 Ng6 9. Be3 Bd6 10. Nf5 O-O
11. Nxd6 cxd6 12. f3 Be6 13. Qd2 Qc7 14. Rad1 Rad8 15. b3 b5 16. a4 b4 17. Ne2 a5 18. Kh1 c5 19. Qe1 f5 20. exf5 Bxf5
21. Qd2 d5 22. Ng3 Be6 23. Rfe1 Bc8 24. Bg5 Rd7 25. Qf2 Bb7 26. Bc1 h6 27. Bb2 Rdf7 28. Qe3 d4 29. Qd2 Nh4 30. Rf1 Nf5
31. Nxf5 Rxf5 32. Bc1 Rh5 33. h3 Qg3 34. Qf2 Rxh3+ 35. Kg1 Qh2#
0-1

[Event "Playing against strong people (1)"]
[Site "SchemingMind.com"]
[Date "2010.01.24"]
[Round "-"]
[White "Mr Pawn"]
[Black "faulty"]
[Result "1-0"]
[WhiteCountry "IND"]
[BlackCountry "USA"]
[WhiteElo "2077"]
[WhiteRD "131"]
[BlackElo "1770"]
[BlackRD "86"]
[GameID "236164"]

1. e4 e5 2. f4 exf4 3. Nf3 g5 4. Bc4 Bg7 5. O-O g4 6. Ne1 Bd4+ 7. Kh1 Nf6 8. c3 Bb6 9. d4 d5 10. exd5 Nxd5
11. Nd3 Be6 12. Bxd5 Qxd5 13. Nxf4 Qd7 14. d5 Bf5 15. Nh5 Kf8 16. Bh6+ Ke7 17. Bg5+
1-0